AP Scrabble Words 8 and Under - Statistics

General Stats
  • This quiz has been taken 27 times
  • The average score is 34 of 180
Answer Stats
Answer % Correct
Ape
100%
App
100%
Appal
92%
Appel
92%
Appear
85%
Apple
85%
Aper
77%
Apo
77%
Apart
69%
Appeal
69%
Apply
69%
Apt
69%
Apex
62%
Apiary
54%
Appall
54%
Apparent
54%
Apache
46%
Apollo
46%
Appoint
46%
Apace
38%
Apian
38%
Apolog
38%
Aport
38%
Append
38%
Appraise
38%
Apricot
38%
Apropos
38%
Aptitude
38%
Apeak
31%
Aperture
31%
Apery
31%
Apology
31%
Apostle
31%
Appease
31%
Appendix
31%
Applause
31%
Appose
31%
Apron
31%
Aptly
31%
Aphid
23%
Apiece
23%
Aplomb
23%
Apnea
23%
Apnoea
23%
Apod
23%
Apogee
23%
Apologia
23%
Apostasy
23%
Apostate
23%
Apparel
23%
Appetite
23%
Applaud
23%
Apprise
23%
Apprize
23%
Approve
23%
Apse
23%
Apeek
15%
Apelike
15%
Apeman
15%
Aphasia
15%
Aphasiac
15%
Aphasic
15%
Aphelian
15%
Aphelion
15%
Aphis
15%
Aphorism
15%
Aphorist
15%
Aphotic
15%
Apish
15%
Apneal
15%
Apnoeal
15%
Apodal
15%
Apologal
15%
Apologue
15%
Appealer
15%
Applet
15%
Appley
15%
Applier
15%
Apposer
15%
Appress
15%
Approval
15%
Apagoge
8%
Apagogic
8%
Apanage
8%
Aparejo
8%
Apatetic
8%
Apatite
8%
Apercu
8%
Aperitif
8%
Apetaly
8%
Aphanite
8%
Aphesis
8%
Aphetic
8%
Aphidian
8%
Apholate
8%
Aphonia
8%
Aphonic
8%
Aphony
8%
Aphorise
8%
Aphorize
8%
Aphtha
8%
Aphthous
8%
Aphylly
8%
Apiarian
8%
Apiarist
8%
Apical
8%
Apically
8%
Apimania
8%
Apiphobe
8%
Apishly
8%
Aplanat
8%
Aplastic
8%
Aplite
8%
Aplitic
8%
Apneic
8%
Apnoeic
8%
Apoapsis
8%
Apocarp
8%
Apocarpy
8%
Apocope
8%
Apocopic
8%
Apodous
8%
Apogamic
8%
Apogamy
8%
Apogeal
8%
Apogean
8%
Apogeic
8%
Apolune
8%
Apomict
8%
Apomixis
8%
Apophyge
8%
Apostacy
8%
Apostil
8%
Appanage
8%
Apparat
8%
Appeaser
8%
Appellee
8%
Appellor
8%
Appetent
8%
Applique
8%
Appriser
8%
Apprizer
8%
Approver
8%
Apractic
8%
Apraxia
8%
Apraxic
8%
Apres
8%
Apsidal
8%
Apsides
8%
Apsis
8%
Apteral
8%
Apterous
8%
Apteryx
8%
Aptness
8%
Apyrase
8%
Apyretic
8%
Apathy
0%
Aperient
0%
Aphagia
0%
Apiculi
0%
Apiculus
0%
Apiology
0%
Aplasia
0%
Aplenty
0%
Apocrine
0%
Apodosis
0%
Apophony
0%
Apoplexy
0%
Aporia
0%
Apospory
0%
Apothece
0%
Apothegm
0%
Apothem
0%
Appestat
0%
Apposite
0%
Approach
0%
Appulse
0%
Aprotic
0%
Apteria
0%
Apterium
0%
No matching quizzes found
Score Distribution
Percent of People with Each Score
Percentile by Number Answered
Your Score History
You have not taken this quiz